| 000 | 00705cam a2200241 i 4500 | ||
|---|---|---|---|
| 001 | 4188695 | ||
| 003 | OSt | ||
| 005 | 20230627113409.0 | ||
| 008 | 790928s1973 ug 000 0 eng | ||
| 010 | _a 79983523 | ||
| 040 |
_aDLC _cDLC _dDLC |
||
| 043 | _af------ | ||
| 082 | 0 | 0 |
_a335 _bJER |
| 100 | 1 |
_aJerome, Abraham, _d1935- |
|
| 245 | 1 | 0 |
_aAfrica in search of an ideology / _cW. A. Jerome. |
| 260 |
_aKampala : _bEast African Literature Bureau, _c1973. |
||
| 300 |
_axxi, 209 p. ; _c19 cm. |
||
| 490 | 0 | _aHis National agrarianism ; v. 1 | |
| 650 | 0 |
_aLand reform _zAfrica. |
|
| 651 | 0 |
_aAfrica _xEconomic conditions _y1960- |
|
| 906 |
_a7 _bcbc _corignew _d4 _encip _f19 _gy-gencatlg |
||
| 942 |
_2ddc _cBK |
||
| 999 |
_c2842 _d2842 |
||